000 00475nam a2200181Ia 4500
001 13851
003 IN-NITTTR
005 20251114233130.0
008 251113s9999||||xx |||||||||||||| ||eng||
040 _beng
040 _cIN-NITTTR
041 _aeng
082 _a658.503 J63Q
100 _aJohnson, Rodney D.
245 0 _aQuantitative techniques for business decisions. /
_cJohnson, Rodney D., Siskin, Bernard R.
700 _a Siskin, Bernard R.
942 _2ddc
_cBK
999 _c16487
_d16487